书目信息 |
| 题名: |
建筑绘画与思考
|
|
| 作者: | 爱德华兹 著 ;申祖烈 译 | |
| 分册: | ||
| 出版信息: | 北京 中国建筑工业出版社 2010 |
|
| 页数: | 261页 | |
| 开本: | 23cm | |
| 丛书名: | ||
| 单 册: | ||
| 中图分类: | TU204 | |
| 科图分类: | ||
| 主题词: | 建筑画--jian zhu hua--技法(美术)--研究 | |
| 电子资源: | ||
| ISBN: | 978-7-112-11202-9 | |
| 000 | 01059nam 2200277 450 | |
| 001 | 0100001067 | |
| 005 | 20191101075949.01 | |
| 010 | @a978-7-112-11202-9@dCNY45.00 | |
| 100 | @a20110221d2010 em y0chiy0121 ea | |
| 101 | 1 | @achi@ceng |
| 102 | @aCN@b110000 | |
| 105 | @aa a 000yy | |
| 200 | 1 | @a建筑绘画与思考@Ajian zhu hui hua yu si kao@f(英) 布赖恩·爱德华兹著@g申祖烈译 |
| 210 | @a北京@c中国建筑工业出版社@d2010 | |
| 215 | @a261页@c图@d23cm | |
| 305 | @a据2008年英文版第2版译出 | |
| 306 | @a由英国Taylor & Francis Group出版公司授权中国建筑工业出版社出版 | |
| 320 | @a有书目 (第260-261页) | |
| 330 | @a本书介绍了设计和画图技巧,旨在帮助设计师们通过画图提高他们对建筑和场地的理解力。全书内容分四部分:指导原则、技法、绘图案例研究、前途。 | |
| 500 | 10 | @aUnderstanding architecture through drawing@mChinese |
| 606 | 0 | @a建筑画@Ajian zhu hua@x技法(美术)@x研究 |
| 690 | @aTU204@v4 | |
| 701 | 1 | @a爱德华兹@Aai de hua ci@g(Edwards, Brian)@4著 |
| 702 | 0 | @a申祖烈@Ashen zu lie@4译 |
| 801 | 0 | @aCN@c20110214 |
| 905 | @b21012798-2800@dTU204@eB982 | |
| 建筑绘画与思考/(英) 布赖恩·爱德华兹著/申祖烈译.-北京:中国建筑工业出版社,2010 |
| 261页:图;23cm |
| ISBN 978-7-112-11202-9:CNY45.00 |
| 本书介绍了设计和画图技巧,旨在帮助设计师们通过画图提高他们对建筑和场地的理解力。全书内容分四部分:指导原则、技法、绘图案例研究、前途。 |
| ● |
| 相关链接 |
|
|
|
正题名:建筑绘画与思考
索取号:TU204/B982
 
预约/预借
| 序号 | 登录号 | 条形码 | 馆藏地/架位号 | 状态 | 备注 |
| 1 | 1012791 | 210127913 | 建筑库101/101建筑库 30排4列1层/ [索取号:TU204/B982] | 在馆 | |
| 2 | 1012792 | 210127922 | 建筑库101/201建筑库 16排3列2层/ [索取号:TU204/B982] | 在馆 | |
| 3 | 1012793 | 210127931 | 建筑库101/201建筑库 16排3列2层/ [索取号:TU204/B982] | 在馆 | |
| 4 | 1449402 | 214494028 | 建筑库101/101建筑库 38排4列4层/ [索取号:TU204/B982] | 在馆 | |
| 5 | 1449498 | 214494983 | 建筑库101/101建筑库 38排4列4层/ [索取号:TU204/B982] | 在馆 | |
| 6 | 1449499 | 214494992 | 建筑库101/101建筑库 38排4列4层/ [索取号:TU204/B982] | 在馆 | |
| 7 | 1449500 | 214495009 | 建筑库101/101建筑库 38排4列4层/ [索取号:TU204/B982] | 在馆 | |
| 8 | 1449501 | 214495018 | 建筑库101/101建筑库 38排4列4层/ [索取号:TU204/B982] | 在馆 |